|
|
|
|
| LEADER |
00000nam0a2200000 4500 |
| 001 |
278124 |
| 005 |
20231101235101.0 |
| 035 |
|
|
|a (RuTPU)RU\TPU\book\301401
|
| 090 |
|
|
|a 278124
|
| 100 |
|
|
|a 20141209d2014 k y0rusy50 ca
|
| 101 |
0 |
|
|a rus
|
| 102 |
|
|
|a RU
|
| 105 |
|
|
|a a dm 001zy
|
| 200 |
1 |
|
|a Соединение трубчатых деталей импульсным давлением расширяющегося плазменного канала электрического разряда
|e автореферат диссертации на соискание ученой степени кандидата технических наук
|e спец. 05.14.12
|f Л. М. Чеботнягин
|g Национальный исследовательский Томский политехнический университет (ТПУ) ; Иркутский государственный технический университет (ИрГТУ) ; науч. рук. В. В. Лопатин, В. В. Потапов
|
| 210 |
|
|
|a Томск
|d 2014
|
| 215 |
|
|
|a 21 с.
|c ил.
|
| 300 |
|
|
|a Защита сост. 26.11.2014 г.
|
| 320 |
|
|
|a Библиогр.: с. 21 (6 назв.).
|
| 452 |
|
1 |
|0 (RuTPU)RU\TPU\book\293725
|t Соединение трубчатых деталей импульсным давлением расширяющегося плазменного канала электрического разряда
|o автореферат диссертации на соискание ученой степени кандидата технических наук
|o спец. 05.14.12
|f Л. М. Чеботнягин
|g Национальный исследовательский Томский политехнический университет (ТПУ) ; Иркутский государственный технический университет (ИрГТУ) ; науч. рук. В. В. Лопатин ; В. В. Потапов
|c Томск
|d 2014
|a Чеботнягин, Леонид Михайлович
|
| 606 |
1 |
|
|a Сварка энергией взрыва
|2 stltpush
|3 (RuTPU)RU\TPU\subj\53950
|9 72114
|
| 610 |
1 |
|
|a материалы
|
| 610 |
1 |
|
|a скоростное деформирование
|
| 610 |
1 |
|
|a давление
|
| 610 |
1 |
|
|a импульсные волны
|
| 610 |
1 |
|
|a генерирование
|
| 610 |
1 |
|
|a проводники
|
| 610 |
1 |
|
|a электрический взрыв
|
| 610 |
1 |
|
|a инициирование
|
| 610 |
1 |
|
|a электровзрыв
|
| 610 |
1 |
|
|a трубчатые детали
|
| 610 |
1 |
|
|a электровзрывная сварка
|
| 610 |
1 |
|
|a технологическое применение
|
| 610 |
1 |
|
|a авторефераты диссертаций
|
| 610 |
1 |
|
|a труды учёных ТПУ
|
| 675 |
|
|
|a 621.791.13(04)
|v 3
|
| 686 |
|
|
|a 05.14.12
|2 oksvnk
|
| 700 |
|
1 |
|a Чеботнягин
|b Л. М.
|c электрофизик
|c инженер Томского политехнического университета
|f 1986-
|g Леонид Михайлович
|2 stltpush
|3 (RuTPU)RU\TPU\pers\32719
|
| 702 |
|
1 |
|a Лопатин
|b В. В.
|c электрофизик
|c доктор физико-математических наук, профессор Томского политехнического университета, заместитель директора по научной работе ИФВТ ТПУ
|f 1947-
|g Владимир Васильевич
|2 stltpush
|3 (RuTPU)RU\TPU\pers\20662
|4 727
|
| 702 |
|
1 |
|a Потапов
|b В. В.
|g ъВасилий Васильевич
|4 727
|
| 712 |
0 |
2 |
|a Национальный исследовательский Томский политехнический университет (ТПУ)
|c (2009- )
|2 stltpush
|3 (RuTPU)RU\TPU\col\15902
|
| 712 |
0 |
2 |
|a Иркутский государственный технический университет (ИрГТУ)
|c (1993- )
|2 stltpush
|3 (RuTPU)RU\TPU\col\17
|
| 801 |
|
1 |
|a RU
|b 63413507
|c 20141209
|
| 801 |
|
2 |
|a RU
|b 63413507
|c 20150603
|g RCR
|
| 942 |
|
|
|c BK
|